000
00206 a2200097 4500
001
42669
100
_a
Bond
245
_a
Fire and the Air War
260
_a
London
_b
National fire
_c
090
_c
26564
_d
26564
942
_a
NUST-CAE
_c
M
_c
18407
999
_c
277742
_d
277742